<?xml version="1.0" encoding="UTF-8"?>
<collection xmlns="http://www.loc.gov/MARC21/slim">
 <record>
  <leader>05343nas a22006971  4500</leader>
  <controlfield tag="001">1/50299</controlfield>
  <controlfield tag="008">020607c19  9999gr mxzp       0   g0gre d</controlfield>
  <datafield tag="035" ind1=" " ind2=" ">
   <subfield code="l">23807</subfield>
  </datafield>
  <datafield tag="040" ind1=" " ind2=" ">
   <subfield code="a">GR-PeUP</subfield>
  </datafield>
  <datafield tag="090" ind1=" " ind2=" ">
   <subfield code="a">Αλφαβητική σειρά</subfield>
  </datafield>
  <datafield tag="245" ind1="0" ind2="0">
   <subfield code="a">Δελτίο Συνδέσμου Ελληνικών Βιομηχανιών</subfield>
  </datafield>
  <datafield tag="260" ind1=" " ind2=" ">
   <subfield code="a">Αθήνα :</subfield>
   <subfield code="b">Πολίτης Τάκης,</subfield>
   <subfield code="c">[19--]-</subfield>
  </datafield>
  <datafield tag="300" ind1=" " ind2=" ">
   <subfield code="a">τ. ;</subfield>
   <subfield code="c">28 εκ.</subfield>
  </datafield>
  <datafield tag="310" ind1=" " ind2=" ">
   <subfield code="a">Διμηνιαίο</subfield>
  </datafield>
  <datafield tag="362" ind1="0" ind2=" ">
   <subfield code="a">Τομ. 32, τχ. 372 (Ιαν./Φεβ. 1978) - τχ. 611 (Νοέμ./Δεκ. 2003)</subfield>
  </datafield>
  <datafield tag="362" ind1="0" ind2=" ">
   <subfield code="a">Τχ. 612 (Ιαν./Φεβρ. 2004)-</subfield>
  </datafield>
  <datafield tag="546" ind1=" " ind2=" ">
   <subfield code="a">Ελληνική</subfield>
  </datafield>
  <datafield tag="650" ind1=" " ind2="4">
   <subfield code="a">Βιομηχανία</subfield>
   <subfield code="v">Περιοδικά.</subfield>
  </datafield>
  <datafield tag="710" ind1="2" ind2=" ">
   <subfield code="a">Σύνδεσμος Ελληνικών Βιομηχανίων.</subfield>
  </datafield>
  <datafield tag="852" ind1=" " ind2=" ">
   <subfield code="a">INST</subfield>
   <subfield code="b">UNIPILB</subfield>
   <subfield code="c">SERIALS</subfield>
   <subfield code="e">20050210</subfield>
   <subfield code="h">Αλφαβητική σειρά</subfield>
   <subfield code="p">39920</subfield>
   <subfield code="q">39920</subfield>
   <subfield code="t">NOLOAN</subfield>
   <subfield code="v">τεύχ.612:(Μήνες)Ιαν./Φεβ.;(Έτος)2004</subfield>
   <subfield code="y">23</subfield>
  </datafield>
  <datafield tag="852" ind1=" " ind2=" ">
   <subfield code="a">INST</subfield>
   <subfield code="b">UNIPILB</subfield>
   <subfield code="c">SERIALS</subfield>
   <subfield code="e">20050210</subfield>
   <subfield code="h">Αλφαβητική σειρά</subfield>
   <subfield code="p">39921</subfield>
   <subfield code="q">39921</subfield>
   <subfield code="t">NOLOAN</subfield>
   <subfield code="v">τεύχ.613:(Μήνες)Μάρ./Απρ.;(Έτος)2004</subfield>
   <subfield code="y">23</subfield>
  </datafield>
  <datafield tag="852" ind1=" " ind2=" ">
   <subfield code="a">INST</subfield>
   <subfield code="b">UNIPILB</subfield>
   <subfield code="c">SERIALS</subfield>
   <subfield code="e">20050210</subfield>
   <subfield code="h">Αλφαβητική σειρά</subfield>
   <subfield code="p">39923</subfield>
   <subfield code="q">39923</subfield>
   <subfield code="t">NOLOAN</subfield>
   <subfield code="v">τεύχ.615:(Μήνες)Ιουν./Ιουλ.;(Έτος)2004</subfield>
   <subfield code="y">23</subfield>
  </datafield>
  <datafield tag="852" ind1=" " ind2=" ">
   <subfield code="a">INST</subfield>
   <subfield code="b">UNIPILB</subfield>
   <subfield code="c">SERIALS</subfield>
   <subfield code="e">20050210</subfield>
   <subfield code="h">Αλφαβητική σειρά</subfield>
   <subfield code="p">39924</subfield>
   <subfield code="q">39924</subfield>
   <subfield code="t">NOLOAN</subfield>
   <subfield code="v">τεύχ.616:(Μήνες)Σεπτ./Οκτ.;(Έτος)2004</subfield>
   <subfield code="y">23</subfield>
  </datafield>
  <datafield tag="852" ind1=" " ind2=" ">
   <subfield code="a">INST</subfield>
   <subfield code="b">UNIPILB</subfield>
   <subfield code="c">SERIALS</subfield>
   <subfield code="e">20050210</subfield>
   <subfield code="h">Αλφαβητική σειρά</subfield>
   <subfield code="p">39925</subfield>
   <subfield code="q">39925</subfield>
   <subfield code="t">NOLOAN</subfield>
   <subfield code="v">τεύχ.617:(Μήνες)Νοέμ./Δεκ.;(Έτος)2004</subfield>
   <subfield code="y">23</subfield>
  </datafield>
  <datafield tag="852" ind1=" " ind2=" ">
   <subfield code="a">INST</subfield>
   <subfield code="b">UNIPILB</subfield>
   <subfield code="c">SERIALS</subfield>
   <subfield code="e">20050210</subfield>
   <subfield code="h">Αλφαβητική σειρά</subfield>
   <subfield code="p">39926</subfield>
   <subfield code="q">39926</subfield>
   <subfield code="t">NOLOAN</subfield>
   <subfield code="v">τεύχ.614:(Μήνας)Μάιος;(Έτος)2004</subfield>
   <subfield code="y">23</subfield>
  </datafield>
  <datafield tag="852" ind1=" " ind2=" ">
   <subfield code="a">INST</subfield>
   <subfield code="b">UNIPILB</subfield>
   <subfield code="c">SERIALS</subfield>
   <subfield code="e">20050509</subfield>
   <subfield code="h">Αλφαβητική σειρά</subfield>
   <subfield code="p">42905</subfield>
   <subfield code="q">42905</subfield>
   <subfield code="t">NOLOAN</subfield>
   <subfield code="v">τεύχ.618:(Μήνες)Ιαν./Φεβ.;(Έτος)2005</subfield>
   <subfield code="y">23</subfield>
  </datafield>
  <datafield tag="852" ind1=" " ind2=" ">
   <subfield code="a">INST</subfield>
   <subfield code="b">UNIPILB</subfield>
   <subfield code="c">SERIALS</subfield>
   <subfield code="e">20050607</subfield>
   <subfield code="h">Αλφαβητική σειρά</subfield>
   <subfield code="p">43742</subfield>
   <subfield code="q">43742</subfield>
   <subfield code="t">NOLOAN</subfield>
   <subfield code="v">τεύχ.619:(Μήνες)Μάρ./Απρ.;(Έτος)2005</subfield>
   <subfield code="y">23</subfield>
  </datafield>
  <datafield tag="852" ind1=" " ind2=" ">
   <subfield code="a">INST</subfield>
   <subfield code="b">UNIPILB</subfield>
   <subfield code="c">SERIALS</subfield>
   <subfield code="e">20050826</subfield>
   <subfield code="h">Αλφαβητική σειρά</subfield>
   <subfield code="p">45575</subfield>
   <subfield code="q">45575</subfield>
   <subfield code="t">NOLOAN</subfield>
   <subfield code="v">τεύχ.621:(Μήνες)Ιούν./Ιούλ.;(Έτος)2005</subfield>
   <subfield code="y">23</subfield>
  </datafield>
  <datafield tag="852" ind1=" " ind2=" ">
   <subfield code="a">INST</subfield>
   <subfield code="b">UNIPILB</subfield>
   <subfield code="c">SERIALS</subfield>
   <subfield code="e">20050826</subfield>
   <subfield code="h">Αλφαβητική σειρά</subfield>
   <subfield code="p">45576</subfield>
   <subfield code="q">45576</subfield>
   <subfield code="t">NOLOAN</subfield>
   <subfield code="v">τεύχ.620:(Μήνας)Μάιος;(Έτος)2005</subfield>
   <subfield code="y">23</subfield>
  </datafield>
  <datafield tag="852" ind1=" " ind2=" ">
   <subfield code="a">INST</subfield>
   <subfield code="b">UNIPILB</subfield>
   <subfield code="c">SERIALS</subfield>
   <subfield code="e">20051219</subfield>
   <subfield code="h">Αλφαβητική σειρά</subfield>
   <subfield code="p">49241</subfield>
   <subfield code="q">49241</subfield>
   <subfield code="t">NOLOAN</subfield>
   <subfield code="v">τεύχ.622:(Μήνες)Σεπτ./Οκτ.;(Έτος)2005</subfield>
   <subfield code="y">23</subfield>
  </datafield>
  <datafield tag="852" ind1=" " ind2=" ">
   <subfield code="a">INST</subfield>
   <subfield code="b">UNIPILB</subfield>
   <subfield code="c">SERIALS</subfield>
   <subfield code="e">20060330</subfield>
   <subfield code="h">Αλφαβητική σειρά</subfield>
   <subfield code="p">51045</subfield>
   <subfield code="q">51045</subfield>
   <subfield code="t">NOLOAN</subfield>
   <subfield code="v">τεύχ.623:(Μήνες)Νοέμ./Δεκ.;(Έτος)2005</subfield>
   <subfield code="y">23</subfield>
  </datafield>
  <datafield tag="852" ind1=" " ind2=" ">
   <subfield code="a">INST</subfield>
   <subfield code="b">UNIPILB</subfield>
   <subfield code="c">SERIALS</subfield>
   <subfield code="e">20060516</subfield>
   <subfield code="h">Αλφαβητική σειρά</subfield>
   <subfield code="p">51486</subfield>
   <subfield code="q">51486</subfield>
   <subfield code="t">NOLOAN</subfield>
   <subfield code="v">τεύχ.624:(Μήνες)Ιαν./Φεβ.;(Έτος)2006</subfield>
   <subfield code="y">23</subfield>
  </datafield>
  <datafield tag="852" ind1=" " ind2=" ">
   <subfield code="a">INST</subfield>
   <subfield code="b">UNIPILB</subfield>
   <subfield code="c">SERIALS</subfield>
   <subfield code="e">20060713</subfield>
   <subfield code="h">Αλφαβητική σειρά</subfield>
   <subfield code="p">51938</subfield>
   <subfield code="q">51938</subfield>
   <subfield code="t">NOLOAN</subfield>
   <subfield code="v">τεύχ.625:(Μήνες)Μάρ./Απρ.;(Έτος)2006</subfield>
   <subfield code="y">23</subfield>
  </datafield>
  <datafield tag="852" ind1=" " ind2=" ">
   <subfield code="a">INST</subfield>
   <subfield code="b">UNIPILB</subfield>
   <subfield code="c">SERIALS</subfield>
   <subfield code="e">20060823</subfield>
   <subfield code="h">Αλφαβητική σειρά</subfield>
   <subfield code="p">52365</subfield>
   <subfield code="q">52365</subfield>
   <subfield code="t">NOLOAN</subfield>
   <subfield code="v">τεύχ.627:(Μήνες)Ιούν./Ιούλ.;(Έτος)2006</subfield>
   <subfield code="y">23</subfield>
  </datafield>
  <datafield tag="852" ind1=" " ind2=" ">
   <subfield code="a">INST</subfield>
   <subfield code="b">UNIPILB</subfield>
   <subfield code="c">SERIALS</subfield>
   <subfield code="e">20060823</subfield>
   <subfield code="h">Αλφαβητική σειρά</subfield>
   <subfield code="p">52366</subfield>
   <subfield code="q">52366</subfield>
   <subfield code="t">NOLOAN</subfield>
   <subfield code="v">τεύχ.626:(Μήνας)Μάιος;(Έτος)2006</subfield>
   <subfield code="y">23</subfield>
  </datafield>
  <datafield tag="852" ind1=" " ind2=" ">
   <subfield code="a">INST</subfield>
   <subfield code="b">UNIPILB</subfield>
   <subfield code="c">SERIALS</subfield>
   <subfield code="e">20070316</subfield>
   <subfield code="h">Αλφαβητική σειρά</subfield>
   <subfield code="p">55096</subfield>
   <subfield code="q">55096</subfield>
   <subfield code="t">NOLOAN</subfield>
   <subfield code="v">τεύχ.629:(Μήνες)Νοέμ./Δεκ.;(Έτος)2006</subfield>
   <subfield code="y">23</subfield>
  </datafield>
  <datafield tag="852" ind1=" " ind2=" ">
   <subfield code="a">INST</subfield>
   <subfield code="b">UNIPILB</subfield>
   <subfield code="c">SERIALS</subfield>
   <subfield code="e">20070614</subfield>
   <subfield code="h">Αλφαβητική σειρά</subfield>
   <subfield code="p">55976</subfield>
   <subfield code="q">55976</subfield>
   <subfield code="t">NOLOAN</subfield>
   <subfield code="v">τεύχ.631:(Μήνες)Μάρ./Απρ.;(Έτος)2007</subfield>
   <subfield code="y">23</subfield>
  </datafield>
  <datafield tag="852" ind1=" " ind2=" ">
   <subfield code="a">INST</subfield>
   <subfield code="b">UNIPILB</subfield>
   <subfield code="c">SERIALS</subfield>
   <subfield code="e">20070716</subfield>
   <subfield code="h">Αλφαβητική σειρά</subfield>
   <subfield code="p">56319</subfield>
   <subfield code="q">56319</subfield>
   <subfield code="t">NOLOAN</subfield>
   <subfield code="v">τεύχ.630:(Μήνες)Ιαν./Φεβ.;(Έτος)2007</subfield>
   <subfield code="y">23</subfield>
  </datafield>
  <datafield tag="856" ind1="4" ind2="1">
   <subfield code="u">http://www.fgi.org.gr</subfield>
  </datafield>
  <datafield tag="950" ind1=" " ind2=" ">
   <subfield code="a">01/01/2004</subfield>
   <subfield code="c">ΔΩΡΕΑ ΠΕΡΙΟΔΙΚΩΝ</subfield>
   <subfield code="d">177</subfield>
  </datafield>
  <datafield tag="951" ind1=" " ind2=" ">
   <subfield code="a">Τχ. 631  (Μάρ./Απρ. 2007)</subfield>
   <subfield code="b">Main run</subfield>
  </datafield>
  <datafield tag="951" ind1=" " ind2=" ">
   <subfield code="a">Τομ.32, τχ.372(Ιαν./Φεβ. 1978) -  (τχ.611(Νοέμ./Δεκ. 2003)</subfield>
   <subfield code="b">Main run</subfield>
  </datafield>
  <datafield tag="951" ind1=" " ind2=" ">
   <subfield code="a">Τχ. 612  (Ιαν./Φεβ. 2004)</subfield>
   <subfield code="b">Main run</subfield>
  </datafield>
  <datafield tag="951" ind1=" " ind2=" ">
   <subfield code="a">Τχ. 613  (Μάρ./Απρ. 2004)</subfield>
   <subfield code="b">Main run</subfield>
  </datafield>
  <datafield tag="951" ind1=" " ind2=" ">
   <subfield code="a">Τχ. 614  (Μάιος 2004)</subfield>
   <subfield code="b">Main run</subfield>
  </datafield>
  <datafield tag="951" ind1=" " ind2=" ">
   <subfield code="a">Τχ. 615  (Ιούν./Ιούλ. 2004)</subfield>
   <subfield code="b">Main run</subfield>
  </datafield>
  <datafield tag="951" ind1=" " ind2=" ">
   <subfield code="a">Τχ. 616  (Σεπτ./Οκτ. 2004)</subfield>
   <subfield code="b">Main run</subfield>
  </datafield>
  <datafield tag="951" ind1=" " ind2=" ">
   <subfield code="a">Τχ. 617  (Νοέμ./Δεκ. 2004)</subfield>
   <subfield code="b">Main run</subfield>
  </datafield>
  <datafield tag="951" ind1=" " ind2=" ">
   <subfield code="a">Τχ. 618  (Ιαν./Φεβ. 2005)</subfield>
   <subfield code="b">Main run</subfield>
  </datafield>
  <datafield tag="951" ind1=" " ind2=" ">
   <subfield code="a">Τχ. 619  (Μάρ./Απρ. 2005)</subfield>
   <subfield code="b">Main run</subfield>
  </datafield>
  <datafield tag="951" ind1=" " ind2=" ">
   <subfield code="a">Τχ. 620 (Μάϊος 2005)</subfield>
   <subfield code="b">Main run</subfield>
  </datafield>
  <datafield tag="951" ind1=" " ind2=" ">
   <subfield code="a">Τχ. 621  (Ιούν./Ιούλ. 2005)</subfield>
   <subfield code="b">Main run</subfield>
  </datafield>
  <datafield tag="951" ind1=" " ind2=" ">
   <subfield code="a">Τχ. 622  (Σεπτ./Οκτ. 2005)</subfield>
   <subfield code="b">Main run</subfield>
  </datafield>
  <datafield tag="951" ind1=" " ind2=" ">
   <subfield code="a">Τχ. 623  (Νοέμ./Δεκ. 2005)</subfield>
   <subfield code="b">Main run</subfield>
  </datafield>
  <datafield tag="951" ind1=" " ind2=" ">
   <subfield code="a">Τχ. 624  (Ιαν./Φεβ. 2006)</subfield>
   <subfield code="b">Main run</subfield>
  </datafield>
  <datafield tag="951" ind1=" " ind2=" ">
   <subfield code="a">Τχ. 625  (Μάρ./Απρ. 2006)</subfield>
   <subfield code="b">Main run</subfield>
  </datafield>
  <datafield tag="951" ind1=" " ind2=" ">
   <subfield code="a">Τχ. 626 (Μάϊος 2006)</subfield>
   <subfield code="b">Main run</subfield>
  </datafield>
  <datafield tag="951" ind1=" " ind2=" ">
   <subfield code="a">Τχ. 627  (Ιούν./Ιούλ. 2006)</subfield>
   <subfield code="b">Main run</subfield>
  </datafield>
  <datafield tag="951" ind1=" " ind2=" ">
   <subfield code="a">Τχ. 629  (Νοέμ./Δεκ. 2006)</subfield>
   <subfield code="b">Main run</subfield>
  </datafield>
  <datafield tag="951" ind1=" " ind2=" ">
   <subfield code="a">Τχ. 630  (Ιαν./Φεβ. 2007)</subfield>
   <subfield code="b">Main run</subfield>
  </datafield>
  <datafield tag="952" ind1=" " ind2=" ">
   <subfield code="a">1991,(564)196,(569)1997,(575-576,578)1998,(588)2000, (605)2002</subfield>
  </datafield>
 </record>
</collection>
